История Россия: #10: Ливонская война - Statistics

General Stats
  • This quiz has been taken 30 times
    20 since last reset
  • The average score is 21 of 35
Answer Stats
Вопрос Ответ % Correct
Крупные ливонские города,занятые русской армией Нарва, Дерпт
89%
Человек, возглавивший Сибирский поход Ермак Тимофеевич
89%
Покорение Казани 1552
89%
Крупный белорусский город, взятый в 1563 Полоцк
83%
Ям-запольский мир 1582
83%
Государство созданное поитогам Люблинской унии Речь Посполитая
78%
Покорение Астрахани 1556
78%
Люблинская уния 1569
78%
Набег Девлет-Гирея 1571
78%
Битва при Молодях 1572
78%
Город, построенный для покорения Казани Свияжск
72%
Крупные ливонские города, осада в 1570-х которых не увенчалась для русской армии успехом Рига, Ревель
72%
Ливонская война 1558-1583
72%
Плюсское перемирие 1583
72%
Русский "город-двойник" Нарвы Ивангород
67%
Денежная повинность, неуплатакоторой стала казусом-белли для начала Ливонской войны Юрьева дань
61%
Первый избранный корольПольши и Литвы Стефан Баторий
61%
Оборонительное сооружение,созданное в XVI веке для защиты от набегов кочевников Большая засечнаячерта
61%
Битва при Чашниках 1564
56%
Сибирский поход 1581-1585
56%
Государство, присоединенноепосле покорения Казани и Астрахани Ногайская Орда
50%
Оборона Пскова 1581-1582
50%
Произведение, написанное после бегства в Литву А.М. Курбского История о Великом князе Московском
50%
Последний неизбранный правитель Польши и Литвы Сигизмунд II Август
50%
Сибирский хан, разбитый в ходе покорения региона Кучум
44%
Сдача Великих Лук 1580
44%
Вассал Ивана IV, управлявшийЛивонией принц Магнус
39%
Родина вассала Ивана IV,управлявшего Ливонией Дания
39%
Город, куда Иван IV некотороевремя хотел перенести столицу Вологда
39%
Битва при Тирзине 1559
39%
Вторжение шведов на северРусского царства 1579
39%
Оперативный центр оборонительной линии, созданной для защиты от набегов кочевников Тула
33%
Место заключения договора,передавшего Ливонию под литовский протекторат в 1561 Вильно
28%
Государство, созданное ИваномIV на землях бывшей Ливонии Ливонское королевство
28%
Русско-литовская война 1561-1570
22%
No matching quizzes found
Score Distribution
Percent of People with Each Score
Percentile by Number Answered
Your Score History
You have not taken this quiz since the last reset